LEADER 01352nam a2200289 i 4500 001 000000220969 003 CaOOAMICUS 005 20130611000000.0 008 130611s2006 it u000 u ita u 013 $a199866 020 $a88-422-1367-5 040 $aSeMil$bita 245 10$aGaudenzio Ferrari :$bla Crocifissione del Sacro Monte di Varallo /$ca cura di Elena De Filippis. 260 $aTorino ; Londra ; Venezia ; New York :$bUmberto Allemandi & C.,$c2006. 300 $a263 p. :$bill. ;$c31 cm. 490 0 $aArchivi di storia dell'arte. Archivi di arte e cultura piemontesi 500 $aFondo card. C. M. Martini. 650 4$aVarallo - Sacro Monte.$0(OLS)http://semarc/subject/18066 700 1 $aDe Filippis, Elena.$0(OLS)http://semarc/name/57376 830 0$aArchivi di storia dell'arte. Archivi di arte e cultura piemontesi.$0(OLS)http://semarc/title/10975 850 $aSeMil 852 $aSeMil$W1$xVenegono$y1$m5G X 29$j171323$B171323$CSeMilBibl$Z2$F183034 $81 941 1 $a4 961 $aLascito: Martini Card. Carlo Maria 996 $6020$a88-422-1367-5$9(OLS)http://semarc/number/219739 996 $6245$aGaudenzio Ferrari :$bla Crocifissione del Sacro Monte di Varallo$9(OLS)http://semarc/title/316791 996 $6260$aTorino ; Londra ; Venezia ; New York :$bUmberto Allemandi & C.$9(OLS)http://semarc/publisher/35051 LEADER 01053nam a2200241 i 4500 001 000000200299 003 CaOOAMICUS 005 20110407000000.0 008 110407s1941 it u000 u ita u 013 $a178997 040 $aSeMil$bita 100 1 $aCapparoni, Pietro.$0(OLS)http://semarc/name/72378 245 10$aLazzaro Spallanzani /$cPietro Capparoni. 260 $aTorino :$bUnione Tipografico-Editrice Torinese,$c1941. 300 $a282 p. :$bill., [6] p. di tav. ;$c22 cm. 490 0 $aI grandi italiani : collana di Biografie ;$v13 500 $aContiene : Indice cronologico riguardante la vita di Lazzaro Spallanzani. 650 4$aSpallanzani, Lazzaro.$0(OLS)http://semarc/subject/37609 830 2$aI grandi italiani ;$v13.$0(OLS)http://semarc/title/15207 850 $aSeMil 852 $aSeMil$W1$xVenegono$y1$m3XD II 14$j150828$B150828$CSeMilBibl$Z2$F162145 $81 996 $6245$aLazzaro Spallanzani$9(OLS)http://semarc/title/289644 996 $6260$aTorino :$bUnione Tipografico-Editrice Torinese$9(OLS)http://semarc/publisher/29628